02885 a2200421 4500001000700000020002700007041000800034082001700042100002400059250001000083300001200093697004200105856002400147040002500171090002200196245004100218260004000259942000700299952013700306952012500443952011300568952011300681952013700794952011300931952011801044952013001162952011801292952011801410952014101528952011701669952011701786952011701903952011702020952011702137952009502254952009502349999001902444108588 a9788581300146 (broch.) apor aP Year 2 028 aAlves, Maria Elisa. a. ed. a[10] p. aLiteratura infantojuvenil brasileira. u000001/0000019e.jpg aBR-BrIDEAcBR-BrIDEA aP Year 2 028bALV10aE por que não?c Maria Elisa Alves a[S.l.]bGeração Editorialc2012 cBK 00102ddc4070a12.28b12.28d2018-01-10l1oP Year 2 028p00032251SSWq2024-04-08r2024-02-08 12:41:30s2024-02-08w2024-01-23yBK 00102ddc4070a12.28b12.28d2015-11-24l1oP Year 2 028p00018587SSWr2024-05-21 10:44:05s2024-02-08w2024-01-23yBK 00102ddc4070a12.28b12.28d2015-11-24l0oP Year 2 028p00018586SSWr2024-01-23 14:39:24w2024-01-23yBK 00102ddc4070a12.28b12.28d2015-11-24l0oP Year 2 028p00018585SSWr2024-01-23 14:39:24w2024-01-23yBK 00102ddc4070a12.28b12.28d2015-11-24l1oP Year 2 028p00018588SSWq2024-04-08r2024-02-08 13:03:43s2024-02-08w2024-01-23yBK 00102ddc4070a12.28b12.28d2013-06-12l0oP Year 2 028p00003211SSWr2024-01-23 14:39:24w2024-01-23yBK 00102ddc4070a12.27b12.27d2019-12-19l0oAP Year 2 028 ALVp00046553AGCr2024-01-23 14:39:24w2024-01-23yBK 00102ddc4070a12.27b12.27d2019-12-19l6oAP Year 2 028 ALVp00046554AGCr2024-06-18 11:30:19s2024-06-18w2024-01-23yBK 00102ddc4070a12.27b12.27d2019-12-19l0oAP Year 2 028 ALVp00046555AGCr2024-01-23 14:39:24w2024-01-23yBK 00102ddc4070a12.27b12.27d2019-12-19l0oAP Year 2 028 ALVp00046556AGCr2024-01-23 14:39:24w2024-01-23yBK 00102ddc4070a12.28b12.28d2019-12-19l1oP Year 2 028 ALVp00046557SSWq2024-04-08r2024-02-08 13:13:55s2024-02-08w2024-01-23yBK 00102ddc4070a12.28b12.28d2019-12-19l0oP Year 2 028 ALVp00046558SSWr2024-01-23 14:39:24w2024-01-23yBK 00102ddc4070a12.28b12.28d2019-12-19l0oP Year 2 028 ALVp00046559SSWr2024-01-23 14:39:24w2024-01-23yBK 00102ddc4070a12.28b12.28d2019-12-19l0oP Year 2 028 ALVp00046560SSWr2024-01-23 14:39:24w2024-01-23yBK 00102ddc4070a12.28b12.28d2019-12-19l0oP Year 2 028 ALVp00046561SSWr2024-01-23 14:39:24w2024-01-23yBK 00102ddc4070a12.28b12.28d2019-12-19l0oP Year 2 028 ALVp00046562SSWr2024-01-23 14:39:24w2024-01-23yBK 00104070a80.1b80.1d2024-02-09l0oALV-P2pA07087r2024-02-09 21:24:49w2024-02-09yBK 00104070a80.1b80.1d2024-02-09l0oALV-P2pA07088r2024-02-09 21:24:49w2024-02-09yBK c108588d108588